[Event "European Rapid 2014"]
[Site "Wroclaw POL"]
[Date "2014.12.21"]
[Round "10.2"]
[White "Kovalenko, Igor"]
[Black "Kovalev, Vladislav"]
[Result "1/2-1/2"]
[WhiteTitle "GM"]
[BlackTitle "GM"]
[WhiteElo "2653"]
[BlackElo "2539"]
[WhiteFideId "14117908"]
[BlackFideId "13504398"]
[EventDate "2014.12.20"]

1. c4 Nf6 2. Nc3 g6 3. g3 Bg7 4. Bg2 c5 5. Nf3 O-O 6. O-O Nc6 7. d4 cxd4 8. Nxd4
Qa5 9. Nb3 Qh5 10. e4 d6 11. Qxh5 Nxh5 12. c5 dxc5 13. Nxc5 Rb8 14. Bd2 b6 15.
Nb3 Ba6 16. Rfd1 Rfd8 17. h3 Nf6 18. Bf4 Rbc8 19. Rxd8+ Nxd8 20. Rd1 Ne6 21. Be3
Ne8 22. Nd4 Nxd4 23. Bxd4 Rd8 24. Nd5 Kf8 25. Bxg7+ Kxg7 26. Rc1 e6 27. Nb4 Bb7
28. e5 Bxg2 29. Kxg2 f6 30. exf6+ Kxf6 31. Rc3 Rd2 32. b3 Nd6 33. Rf3+ Kg7 34.
Re3 Kf6 35. a4 a5 36. Nc6 Nf5 37. Rf3 Rd6 38. Na7 e5 39. Nb5 Rd2 40. Nc3 Ke7 41.
Kf1 Rb2 42. Nd5+ Ke6 43. Nxb6 Nd4 44. Rf8 Rxb3 45. Nc4 Rb4 46. Nxa5 Rxa4 47. Nb7
Ra1+ 48. Kg2 Ra2 49. Nc5+ Kd5 50. Nd3 Ke4 51. Nc5+ Kd5 52. Nd7 Ke6 53. Nc5+ 1/2-1/2

[Event "European Rapid 2014"]
[Site "Wroclaw POL"]
[Date "2014.12.21"]
[Round "10.3"]
[White "Bosiocic, Marin"]
[Black "Gajewski, Grzegorz"]
[Result "0-1"]
[WhiteTitle "GM"]
[BlackTitle "GM"]
[WhiteElo "2555"]
[BlackElo "2643"]
[WhiteFideId "14507927"]
[BlackFideId "1116207"]
[EventDate "2014.12.20"]

1. e4 c5 2. Nf3 e6 3. d4 cxd4 4. Nxd4 a6 5. Bd3 Bc5 6. Nb3 Be7 7. Qg4 g6 8. Qe2
d6 9. O-O Nd7 10. c4 Ne5 11. h3 Bd7 12. Nc3 Nf6 13. Bh6 Nh5 14. Nd2 Nxd3 15.
Qxd3 g5 16. Qf3 Nf4 17. h4 Rg8 18. h5 Bf6 19. g3 Bxc3 20. bxc3 Qf6 21. gxf4
gxf4+ 22. Kh2 e5 0-1

[Event "European Rapid 2014"]
[Site "Wroclaw POL"]
[Date "2014.12.21"]
[Round "10.4"]
[White "Moiseenko, Alexander"]
[Black "Shimanov, Aleksandr"]
[Result "1-0"]
[WhiteTitle "GM"]
[BlackTitle "GM"]
[WhiteElo "2692"]
[BlackElo "2591"]
[WhiteFideId "14102560"]
[BlackFideId "4198603"]
[EventDate "2014.12.20"]

1. d4 Nf6 2. c4 g6 3. Nc3 Bg7 4. e4 O-O 5. Bd3 c5 6. d5 e6 7. Nge2 exd5 8. exd5
Ng4 9. d6 Nc6 10. O-O Nge5 11. Bf4 Nb4 12. Bxe5 Bxe5 13. f4 Bg7 14. Be4 f5 15.
Bd5+ Kh8 16. a3 Nc6 17. Kh1 b6 18. Ng1 Qf6 19. Bxc6 dxc6 20. d7 Bb7 21. Nf3 Rad8
22. Qd3 Qf7 23. Rad1 Bd4 24. Ne5 Qg7 25. Rfe1 g5 26. Ne2 Bxb2 27. Qd6 Bd4 28.
Nxd4 cxd4 29. Qxd4 Kg8 30. c5 gxf4 31. Qxf4 Kh8 32. Re3 Bc8 33. Rg3 Qe7 34. Qd4
Qf6 35. dxc8=Q Rxc8 36. Qd6 Rcd8 37. Qxf6+ 1-0

[Event "European Rapid 2014"]
[Site "Wroclaw POL"]
[Date "2014.12.21"]
[Round "10.5"]
[White "Fedorchuk, Sergey A."]
[Black "Moranda, Wojciech"]
[Result "1/2-1/2"]
[WhiteTitle "GM"]
[BlackTitle "GM"]
[WhiteElo "2669"]
[BlackElo "2591"]
[WhiteFideId "14102536"]
[BlackFideId "1122401"]
[EventDate "2014.12.20"]

1. e4 d6 2. d4 Nf6 3. Nc3 e5 4. Nf3 Nbd7 5. Bc4 Be7 6. a4 O-O 7. O-O c6 8. Re1
a5 9. h3 Nb6 10. Bf1 exd4 11. Nxd4 d5 12. e5 Ne8 13. Nce2 g6 14. Ng3 Ng7 15. Bh6
Bg5 16. Bxg5 Qxg5 17. Nf3 Qh6 18. Qd4 Nd7 19. c4 Ne6 20. Qc3 Nb6 21. Qb3 Nxc4
22. Bxc4 dxc4 23. Qxc4 Nc7 24. Ne4 Nd5 25. Nf6+ Nxf6 26. exf6 g5 27. Qd4 Be6 28.
Re5 Rad8 29. Qc3 Rd5 30. Rae1 g4 31. hxg4 Bxg4 32. Rxd5 cxd5 33. Ne5 Be6 34. Nd3
Qh4 35. Qe5 h6 36. Nf4 Qg5 37. Qd4 Qf5 38. Re3 Kh7 39. Kh2 Rg8 40. Rf3 Rg4 41.
Nxe6 Qxe6 42. Qd3+ Kh8 43. Qd2 Qe5+ 44. g3 Kh7 45. Qxa5 Rg5 46. Qb6 Rh5+ 47. Kg2
Qe4 48. Qxb7 Qe6 49. Re3 Qh3+ 50. Kf3 Rf5+ 51. Ke2 Qh5+ 52. Ke1 Qh1+ 53. Ke2
Qh5+ 54. Ke1 Qh1+ 55. Ke2 Qh5+ 56. Ke1 Qh1+ 57. Ke2 Qh5+ 58. Ke1 1/2-1/2

[Event "European Rapid 2014"]
[Site "Wroclaw POL"]
[Date "2014.12.21"]
[Round "10.7"]
[White "Ragger, Markus"]
[Black "Mkrtchian, Lilit"]
[Result "1-0"]
[WhiteTitle "GM"]
[BlackTitle "IM"]
[WhiteElo "2651"]
[BlackElo "2450"]
[WhiteFideId "1610856"]
[BlackFideId "13300601"]
[EventDate "2014.12.20"]

1. d4 Nf6 2. c4 e6 3. Nf3 b6 4. a3 Ba6 5. Qc2 Bb7 6. Nc3 c5 7. e4 cxd4 8. Nxd4
Nc6 9. Nxc6 Bxc6 10. Bf4 d6 11. Be2 Qc7 12. O-O Be7 13. Rac1 a6 14. Rfd1 O-O 15.
f3 Qb8 16. b4 Nd7 17. Qd2 Ne5 18. Be3 Rd8 19. f4 Ng6 20. b5 Be8 21. a4 axb5 22.
axb5 Bf6 23. Ra1 Qc7 24. Ra6 Bxc3 25. Qxc3 Bxb5 26. Rxa8 Rxa8 27. Qb4 Bc6 28.
Rxd6 Bxe4 29. Qxb6 Qe7 30. Qd4 f5 31. c5 Nf8 32. Bc4 Qh4 33. Qd1 Ra3 34. g3 Qf6
35. Bd4 Qh6 36. Bf2 Qf6 37. Qd4 Qh6 38. Rd8 Ra7 39. c6 Re7 40. c7 Bb7 41. c8=Q
Bxc8 42. Rxc8 Qh5 43. Qd8 1-0

[Event "European Rapid 2014"]
[Site "Wroclaw POL"]
[Date "2014.12.21"]
[Round "10.8"]
[White "Savchenko, Boris"]
[Black "Vitiugov, Nikita"]
[Result "1-0"]
[WhiteTitle "GM"]
[BlackTitle "GM"]
[WhiteElo "2599"]
[BlackElo "2738"]
[WhiteFideId "4147332"]
[BlackFideId "4152956"]
[EventDate "2014.12.20"]

1. e4 c5 2. Nf3 e6 3. c3 d5 4. e5 Nc6 5. d4 Qb6 6. a3 Nh6 7. b4 cxd4 8. cxd4 Nf5
9. Be3 f6 10. exf6 gxf6 11. Nc3 Nxe3 12. fxe3 Bh6 13. e4 dxe4 14. Nxe4 O-O 15.
Bc4 Kh8 16. Qd3 f5 17. Nc5 Bg7 18. O-O-O Qc7 19. Kb1 a5 20. Qb3 axb4 21. axb4 e5
22. d5 e4 23. dxc6 exf3 24. gxf3 b6 25. Nd7 Bxd7 26. Rxd7 Qxc6 27. Rxg7 Kxg7 28.
Rg1+ Kh6 29. Bd5 Qf6 30. Bxa8 Rxa8 31. Qb2 Qxb2+ 32. Kxb2 Re8 33. Kc3 Re3+ 34.
Kc4 Rxf3 35. Kb5 Rb3 36. Rg3 Rb2 37. h4 f4 38. Rf3 Re2 39. Rxf4 Re6 40. Rf5 Kg6
41. Rf4 Kh5 42. Ka6 Rd6 43. b5 Re6 44. Kb7 Rd6 45. Kc7 Re6 46. Rd4 Rg6 47. Rc4
h6 48. Re4 Rf6 49. Rd4 Re6 50. Rf4 Rg6 51. Rc4 Rf6 52. Rc6 Rf4 53. Kxb6 Rxh4 54.
Rc5+ Kg6 55. Kc7 Rf4 56. b6 Rf7+ 57. Kb8 h5 58. b7 1-0

[Event "European Rapid 2014"]
[Site "Wroclaw POL"]
[Date "2014.12.21"]
[Round "10.9"]
[White "Vallejo Pons, Francisco"]
[Black "Plat, Vojtech"]
[Result "1/2-1/2"]
[WhiteTitle "GM"]
[BlackTitle "IM"]
[WhiteElo "2705"]
[BlackElo "2432"]
[WhiteFideId "2205530"]
[BlackFideId "325740"]
[EventDate "2014.12.20"]

1. e4 d6 2. d4 Nf6 3. Nc3 e5 4. dxe5 dxe5 5. Qxd8+ Kxd8 6. Bc4 Be6 7. Bxe6 fxe6
8. f3 Nbd7 9. Nh3 Bd6 10. Nf2 Ke7 11. b3 a6 12. a4 Nb8 13. Nd3 Nc6 14. Be3 Nb4
15. O-O-O Rad8 16. Nb2 Nc6 17. Nc4 Nd4 18. Nxd6 Rxd6 19. f4 Ng4 20. fxe5 Ne2+
21. Kb2 Rxd1 22. Bg5+ Kf7 23. Rxd1 Nxc3 24. Kxc3 Kg6 25. Bf4 Rf8 26. Bg3 Rf7 27.
Rd3 h5 28. Rf3 Rd7 29. h3 Nh6 30. Rd3 Re7 31. Bh4 Rf7 32. Rg3+ Kh7 33. Rf3 Rd7
34. Rd3 Rf7 35. Rf3 Rd7 36. Rf8 Nf7 37. Re8 Nxe5 38. Rxe6 Nc6 39. Bf2 Kg8 40.
Re8+ Kf7 41. Rh8 Kg6 42. Re8 Kf7 43. Rh8 Kg6 44. Rc8 Re7 45. Bc5 Rd7 46. Re8 Kf7
47. Rf8+ Kg6 48. Re8 Kf7 49. Rf8+ Kg6 50. Rf1 b6 51. Be3 Re7 52. Rf4 Nd8 53. Kd3
Nf7 54. Rf5 Ne5+ 55. Ke2 Nf7 56. Kd3 Ne5+ 57. Ke2 Nf7 58. Kf3 Rxe4 59. Kxe4 Nd6+
60. Kd5 Nxf5 61. Bf4 b5 62. a5 Kf7 63. Kc6 Ke6 64. Kb7 Kd7 65. Kxa6 Nd4 66. Kb7
Ne6 67. Bxc7 Nxc7 68. a6 b4 69. a7 Na8 70. h4 g6 71. g3 Kd8 72. Kb8 Kd7 73. Kb7
Kd8 74. Kb8 Kd7 75. Kb7 Kd6 76. Kb8 Kc6 77. Kc8 Nb6+ 1/2-1/2

[Event "European Rapid 2014"]
[Site "Wroclaw POL"]
[Date "2014.12.21"]
[Round "10.10"]
[White "Wojtaszek, Radoslaw"]
[Black "Popov, Valerij"]
[Result "1-0"]
[WhiteTitle "GM"]
[BlackTitle "GM"]
[WhiteElo "2744"]
[BlackElo "2555"]
[WhiteFideId "1118358"]
[BlackFideId "4119410"]
[EventDate "2014.12.20"]

1. d4 d5 2. c4 c6 3. Nf3 Nf6 4. e3 Bf5 5. Nc3 a6 6. Bd2 e6 7. Nh4 Be4 8. f3 Bg6
9. Nxg6 hxg6 10. g3 Nbd7 11. Kf2 Bd6 12. Kg2 Qe7 13. Rc1 dxc4 14. Bxc4 O-O 15.
Qc2 Rac8 16. Be2 c5 17. dxc5 Rxc5 18. Rhd1 Rfc8 19. Qb1 Ne5 20. Ne4 Rxc1 21.
Rxc1 Rxc1 22. Bxc1 Nxe4 23. Qxe4 Qc7 24. Bd2 Nd7 25. Qc4 Qd8 26. f4 Nb6 27. Qd3
Qc7 28. Bf3 Nd7 29. Qc3 b6 30. Qxc7 Bxc7 31. Bc6 Nb8 32. Bb7 a5 33. Kf3 Bd6 34.
Ke4 Nd7 35. Kd4 Nc5 36. Bf3 Na6 37. Kc4 Nc7 38. e4 e5 39. fxe5 Bxe5 40. Be3 b5+
41. Kc5 Bxb2 42. Kb6 Ne6 43. Kxa5 Nd4 44. Bd1 Bc3+ 45. Kb6 b4 46. Kc5 Ne6+ 47.
Kc4 Be1 48. Bg4 Nd8 49. Bc5 Nc6 50. Kb5 Ne5 51. Be2 Nd7 52. Bxb4 Bf2 53. a4 Bg1
54. h3 Nf6 55. Bf3 1-0

[Event "European Rapid 2014"]
[Site "Wroclaw POL"]
[Date "2014.12.21"]
[Round "10.11"]
[White "Heberla, Bartlomiej"]
[Black "Matlakov, Maxim"]
[Result "1/2-1/2"]
[WhiteTitle "GM"]
[BlackTitle "GM"]
[WhiteElo "2561"]
[BlackElo "2695"]
[WhiteFideId "1115120"]
[BlackFideId "4168003"]
[EventDate "2014.12.20"]

1. c4 e5 2. g3 Nf6 3. Bg2 d5 4. cxd5 Nxd5 5. Nc3 Nb6 6. Nf3 Nc6 7. O-O Be7 8. d4
exd4 9. Nb5 Bf6 10. Bf4 Nd5 11. Bg5 Bxg5 12. Nxg5 Qxg5 13. Bxd5 O-O 14. Bxc6
bxc6 15. Nxd4 c5 16. Nf3 Qf6 17. Qc2 Re8 18. Rfe1 Ba6 19. Rac1 Rad8 20. b3 h6
21. Nh4 Rd4 22. Nf5 Rde4 23. Ne3 c4 24. bxc4 Rxe3 25. fxe3 Bb7 26. Rf1 Qc6 27.
Rf3 Rxe3 28. Qf5 Rxe2 29. Qxf7+ Kh7 30. Qf5+ Kh8 1/2-1/2

[Event "European Rapid 2014"]
[Site "Wroclaw POL"]
[Date "2014.12.21"]
[Round "10.12"]
[White "Korobov, Anton"]
[Black "Chigaev, Maksim"]
[Result "1-0"]
[WhiteTitle "GM"]
[BlackTitle "IM"]
[WhiteElo "2693"]
[BlackElo "2494"]
[WhiteFideId "14105730"]
[BlackFideId "4108116"]
[EventDate "2014.12.20"]

1. d4 d6 2. Nf3 Nf6 3. c4 g6 4. Nc3 Bf5 5. h3 Bg7 6. g4 Bd7 7. Bg2 O-O 8. e4 Na6
9. Be3 c5 10. e5 Ne8 11. dxc5 dxe5 12. Nd2 Nb4 13. O-O Bc6 14. Nb3 Nc7 15. Qxd8
Rfxd8 16. Na5 Bxg2 17. Kxg2 Nc6 18. b4 Nxa5 19. bxa5 Rd3 20. Rac1 f5 21. Rfd1
Rad8 22. Rxd3 Rxd3 23. Nd5 Nxd5 24. cxd5 Rxd5 25. a6 bxa6 26. c6 Rd8 27. c7 Rc8
28. Bxa7 e4 29. Bb6 Be5 30. Rd1 Bd6 31. gxf5 gxf5 32. Rd5 f4 33. Rd4 f3+ 34. Kh1
Kf7 35. Rxe4 e5 36. Re3 Ke6 37. Rxf3 Bxc7 38. Rc3 Kd7 39. Be3 Rg8 40. Rd3+ Ke6
41. Ra3 a5 42. Bd2 Ra8 43. Ra4 Rd8 44. Be3 Kf5 45. Kg2 h5 46. Rh4 Kg6 47. Rc4
Rd7 48. Rc6+ Kf5 49. Rh6 Ke4 50. Rxh5 a4 51. Rh4+ Kf5 52. Rxa4 Rg7+ 53. Kf1 Rh7
54. Ra7 1-0

[Event "European Rapid 2014"]
[Site "Wroclaw POL"]
[Date "2014.12.21"]
[Round "10.13"]
[White "Sivuk, Vitaly"]
[Black "Inarkiev, Ernesto"]
[Result "0-1"]
[WhiteTitle "IM"]
[BlackTitle "GM"]
[WhiteElo "2501"]
[BlackElo "2680"]
[WhiteFideId "14116502"]
[BlackFideId "4162722"]
[EventDate "2014.12.20"]

1. e4 e5 2. Nf3 Nc6 3. Bc4 Nf6 4. Ng5 d5 5. exd5 Na5 6. Bb5+ c6 7. dxc6 bxc6 8.
Bd3 Nd5 9. Nf3 Bd6 10. O-O O-O 11. Re1 Re8 12. Nc3 Nb4 13. Bf1 Bg4 14. d3 Bxf3
15. gxf3 f5 16. f4 exf4 17. Rxe8+ Qxe8 18. a3 f3 19. Qxf3 Nxc2 20. Rb1 Nd4 21.
Qg2 Nab3 22. Be3 Nc2 23. Kh1 f4 24. Ne4 Qe6 25. Bd2 h6 26. Bc3 Be5 27. Qh3 Qe7
28. Qh5 Re8 29. Bh3 Qf7 30. Qg4 Ncd4 31. Rg1 f3 32. Qd7 Re7 33. Qc8+ Kh7 34. Rg4
Re8 35. Qa6 Qh5 0-1

[Event "European Rapid 2014"]
[Site "Wroclaw POL"]
[Date "2014.12.21"]
[Round "10.14"]
[White "Anton Guijarro, David"]
[Black "Bortnyk, Olexandr"]
[Result "0-1"]
[WhiteTitle "GM"]
[BlackTitle "IM"]
[WhiteElo "2608"]
[BlackElo "2533"]
[WhiteFideId "2285525"]
[BlackFideId "14120828"]
[EventDate "2014.12.20"]

1. Nf3 f5 2. d3 d6 3. e4 e5 4. Nc3 Nf6 5. exf5 Bxf5 6. d4 e4 7. Nh4 Be6 8. d5
Bf7 9. Nf5 g6 10. Nh6 Bg7 11. Be2 Nbd7 12. h4 Qe7 13. Be3 Nb6 14. Nxf7 Qxf7 15.
Bb5+ Kf8 16. Bxb6 axb6 17. Qd2 h5 18. O-O Bh6 19. Qd4 Bf4 20. Nxe4 Be5 21. Qd3
Nxe4 22. Qxe4 Bxb2 23. Rab1 Bf6 24. Rb3 Kg7 25. a4 Raf8 26. Rg3 Rh6 27. Rf3 Qe7
28. Re1 Qe5 29. g3 Rhh8 30. Kg2 Rf7 31. Ree3 Qxe4 32. Rxe4 Re7 33. Rxe7+ Bxe7
34. Rc3 Bd8 35. f4 Rf8 36. Bd7 Rf7 37. Be6 Bf6 38. Rc4 Re7 39. Kf3 c5 40. Re4
Bd4 41. Re1 Rc7 42. c4 Bc3 43. Rb1 Bb4 44. g4 hxg4+ 45. Kxg4 Kf6 46. Rb2 Rg7 47.
Rh2 Bc3 48. Re2 Re7 49. Kg3 Bb4 50. Kf3 Bc3 51. Rh2 Rh7 52. Bg4 Be1 53. Re2 Re7
54. Be6 Bc3 55. Rc2 Be1 56. Re2 Bc3 57. Kg3 Bb4 58. Kg4 Bc3 59. Rh2 Rg7 60. Rh3
Bd2 61. Rh2 Bc3 62. Kf3 Rh7 63. Bg8 Rg7 64. Be6 Rh7 65. Bc8 Rc7 66. Bg4 Rh7 67.
h5 gxh5 68. Bxh5 Bd4 69. Rh3 Rh8 70. Rh1 Rh7 71. f5 Kg5 0-1

[Event "European Rapid 2014"]
[Site "Wroclaw POL"]
[Date "2014.12.21"]
[Round "10.15"]
[White "Stocek, Jiri"]
[Black "Lysyj, Igor"]
[Result "0-1"]
[WhiteTitle "GM"]
[BlackTitle "GM"]
[WhiteElo "2554"]
[BlackElo "2686"]
[WhiteFideId "304760"]
[BlackFideId "4150120"]
[EventDate "2014.12.20"]

1. Nf3 Nf6 2. e3 b6 3. b4 e6 4. a3 Bb7 5. Bb2 Be7 6. c4 O-O 7. Be2 c5 8. b5 d5
9. O-O Nbd7 10. a4 dxc4 11. Na3 c3 12. Bxc3 Nd5 13. Bb2 Bf6 14. Bxf6 N5xf6 15.
Nc4 Qc7 16. Qc2 e5 17. d3 Nd5 18. Qb2 Rfe8 19. a5 Nb4 20. Rfd1 Bd5 21. Ng5 bxa5
22. Nxa5 Rab8 23. d4 exd4 24. exd4 Qf4 25. Nf3 Qf6 26. Ra3 a6 27. Qd2 Bxf3 28.
Rxf3 Qxd4 29. Qc1 Qh4 30. g3 Qh3 31. Bf1 Qh5 32. Rc3 Na2 33. Qc2 Nxc3 34. Rxd7
Nxb5 35. Bc4 Rf8 36. Nc6 Rbe8 37. Kg2 Nd4 38. Nxd4 cxd4 39. Bxa6 Rd8 40. Rc7
Qd5+ 41. Kg1 d3 0-1

[Event "European Rapid 2014"]
[Site "Wroclaw POL"]
[Date "2014.12.21"]
[Round "10.16"]
[White "Bindrich, Falko"]
[Black "Piorun, Kacper"]
[Result "1-0"]
[WhiteTitle "GM"]
[BlackTitle "GM"]
[WhiteElo "2610"]
[BlackElo "2517"]
[WhiteFideId "4676670"]
[BlackFideId "1130420"]
[EventDate "2014.12.20"]

1. Nf3 c5 2. c4 Nc6 3. d4 cxd4 4. Nxd4 g6 5. Nc2 Bg7 6. e4 Nf6 7. Nc3 d6 8. Be2
O-O 9. O-O b6 10. Bg5 Bb7 11. Qd2 Rc8 12. b3 a6 13. Rac1 Re8 14. Kh1 Ne5 15. f3
Ned7 16. Ne3 Qc7 17. Ncd5 Qb8 18. Rfe1 Ba8 19. Bf1 h6 20. Bh4 Kh7 21. Nxf6+ Nxf6
22. Nd5 Bxd5 23. cxd5 Qb7 24. Qe2 b5 25. a4 bxa4 26. bxa4 a5 27. Qa6 Qxa6 28.
Bxa6 Rxc1 29. Rxc1 e6 30. Bb5 Rd8 31. dxe6 fxe6 32. Rc7 g5 33. Be1 g4 34. Bxa5
Rf8 35. Bc3 gxf3 36. gxf3 Kg6 37. e5 Nd5 38. Bd3+ Kh5 39. Rxg7 Nxc3 40. exd6
Rxf3 41. Rg3 Rf4 42. d7 Rd4 43. Bg6+ Kh4 44. Rd3 1-0

[Event "European Rapid 2014"]
[Site "Wroclaw POL"]
[Date "2014.12.21"]
[Round "10.17"]
[White "Mastrovasilis, Dimitrios"]
[Black "Tomczak, Jacek"]
[Result "1/2-1/2"]
[WhiteTitle "GM"]
[BlackTitle "GM"]
[WhiteElo "2608"]
[BlackElo "2561"]
[WhiteFideId "4202694"]
[BlackFideId "1124668"]
[EventDate "2014.12.20"]

1. e4 e6 2. d4 d5 3. Nc3 Nf6 4. Bg5 dxe4 5. Nxe4 Be7 6. Nxf6+ Bxf6 7. Bxf6 Qxf6
8. Nf3 b6 9. Bb5+ Bd7 10. Qe2 Bxb5 11. Qxb5+ c6 12. Qc4 O-O 13. O-O Qd8 14. a4
Qd5 15. Ne5 f6 16. Qxd5 cxd5 17. Nd3 Nc6 18. c3 Kf7 19. f4 Rfe8 20. Kf2 a5 21.
Rfe1 Rac8 22. Kf3 Ne7 23. Re2 Nf5 24. g4 Nd6 25. Rae1 Rc4 26. Ra1 h5 27. g5 Ne4
28. Rg2 Nd6 29. Ke2 Nf5 30. Kd2 Nh4 31. Rg3 Nf5 32. Rg2 Nh4 33. Rg3 Nf5 1/2-1/2

[Event "European Rapid 2014"]
[Site "Wroclaw POL"]
[Date "2014.12.21"]
[Round "10.18"]
[White "Czakon, Jakub"]
[Black "Guliyev, Namig"]
[Result "1-0"]
[WhiteTitle "IM"]
[BlackTitle "GM"]
[WhiteElo "2479"]
[BlackElo "2557"]
[WhiteFideId "1120840"]
[BlackFideId "13400363"]
[EventDate "2014.12.20"]

1. f4 Nf6 2. Nf3 g6 3. g3 Bg7 4. Bg2 O-O 5. O-O c5 6. d3 Nc6 7. e4 d6 8. h3 Rb8
9. g4 b5 10. Nc3 a5 11. Ne2 b4 12. Ng3 Nd7 13. Rb1 a4 14. Be3 Ba6 15. Rf2 Qb6
16. Qd2 Nd4 17. f5 b3 18. axb3 axb3 19. c3 Nxf3+ 20. Bxf3 Ne5 21. Be2 Rfc8 22.
Bh6 Bxh6 23. Qxh6 Bxd3 24. Bxd3 Nxd3 25. fxg6 fxg6 26. Nh5 gxh5 27. Qg5+ Kh8 28.
Rf7 c4+ 29. Kh1 Nf2+ 30. Kg2 1-0

[Event "European Rapid 2014"]
[Site "Wroclaw POL"]
[Date "2014.12.21"]
[Round "10.19"]
[White "Deviatkin, Andrei"]
[Black "Stopa, Jacek"]
[Result "1-0"]
[WhiteTitle "GM"]
[BlackTitle "IM"]
[WhiteElo "2528"]
[BlackElo "2521"]
[WhiteFideId "4121260"]
[BlackFideId "1119591"]
[EventDate "2014.12.20"]

1. e4 e5 2. Nf3 Nc6 3. Bb5 a6 4. Bxc6 dxc6 5. O-O Qf6 6. d4 exd4 7. Bg5 Qd6 8.
Qxd4 f6 9. Be3 Qxd4 10. Nxd4 Ne7 11. Nd2 Ng6 12. Rad1 Bd7 13. Rfe1 O-O-O 14. f3
h5 15. Nc4 b6 16. Rd2 c5 17. Ne2 Be6 18. Rxd8+ Kxd8 19. Rd1+ Kc8 20. Nd2 Bd6 21.
b3 Rd8 22. g3 h4 23. Kf2 Rh8 24. Nf1 hxg3+ 25. hxg3 f5 26. Nf4 Bxf4 27. Bxf4 Rf8
28. Ke3 fxe4 29. fxe4 c4 30. Nd2 cxb3 31. cxb3 Rf7 32. Rh1 Kb7 33. Nf3 Re7 34.
Ng5 Bg8 35. Rd1 Kc8 36. Rd2 a5 37. Nf3 Bh7 38. Ng5 Bg8 39. Nf3 Bh7 40. Rh2 Nxf4
41. Rxh7 Nd5+ 42. Kd4 Nb4 43. a4 c5+ 44. Kc4 Kc7 45. e5 Nc2 46. Kc3 Ne3 47. Kd3
Ng4 48. Rh5 Nf2+ 49. Ke3 Nd1+ 50. Ke2 Nc3+ 51. Kd3 Nd5 52. Rg5 b5 53. axb5 Kb6
54. Ke4 Nc3+ 55. Kf5 Kxb5 56. e6 Ne2 57. Ke5 Kc6 58. Rg4 Rb7 59. Nd2 Nd4 60. Rg6
Kb5 61. Ne4 Kb4 62. Kd5 Nxb3 63. Nd6 Rc7 64. Rg4+ Nd4 65. Nf5 a4 66. Nxd4 cxd4
67. Rxd4+ Kb3 68. Kd6 Ra7 69. e7 Ra8 70. Kd7 1-0

[Event "European Rapid 2014"]
[Site "Wroclaw POL"]
[Date "2014.12.21"]
[Round "10.20"]
[White "Jussupow, Artur"]
[Black "Warakomski, Tomasz"]
[Result "0-1"]
[WhiteTitle "GM"]
[BlackTitle "IM"]
[WhiteElo "2582"]
[BlackElo "2456"]
[WhiteFideId "4618777"]
[BlackFideId "1124552"]
[EventDate "2014.12.20"]

1. d4 d5 2. Nf3 Bf5 3. Nh4 Bg4 4. h3 Bh5 5. g4 e6 6. Nf3 Bg6 7. Bf4 Bd6 8. Bxd6
Qxd6 9. c3 Nd7 10. Qb3 Ne7 11. Qa3 c5 12. e3 O-O 13. Bb5 Nc6 14. Nbd2 a6 15. Be2
e5 16. O-O-O exd4 17. exd4 b5 18. dxc5 Nxc5 19. Nb3 b4 20. cxb4 Nxb4 21. Rd4
Rac8 22. Kd1 Nc2 23. Qa5 Nxb3 24. axb3 Nxd4 25. Nxd4 Rfe8 26. Qd2 Rc7 27. Ke1
Bd3 28. Kf1 Bxe2+ 29. Nxe2 d4 30. Qd3 Rce7 31. Ng3 Qd5 32. Kg1 Re1+ 33. Kh2
Rxh1+ 34. Nxh1 Qe4 35. Qxa6 d3 36. Ng3 Qd4 37. Kg2 d2 38. Qc6 Qd8 0-1

[Event "European Rapid 2014"]
[Site "Wroclaw POL"]
[Date "2014.12.21"]
[Round "10.21"]
[White "Krzyzanowski, Marcin"]
[Black "Neiksans, Arturs"]
[Result "0-1"]
[WhiteTitle "IM"]
[BlackTitle "GM"]
[WhiteElo "2400"]
[BlackElo "2559"]
[WhiteFideId "1132199"]
[BlackFideId "11601388"]
[EventDate "2014.12.20"]

1. e4 c5 2. Nf3 e6 3. d4 cxd4 4. Nxd4 a6 5. Bd3 Bc5 6. Nb3 Be7 7. Be3 d6 8. N1d2
Nf6 9. Qe2 Qc7 10. f4 O-O 11. g4 Nc6 12. g5 Nd7 13. c3 Re8 14. h4 b5 15. h5 b4
16. c4 a5 17. Qh2 a4 18. Nc1 d5 19. g6 Bc5 20. h6 fxg6 21. hxg7 h5 22. Qg1 Bxe3
23. Qxe3 Nf6 24. e5 Ng4 25. Qg3 Kxg7 26. Ne2 Ne7 27. Bxg6 Kxg6 28. f5+ Nxf5 29.
Nf4+ Kf7 30. Qf3 Qxe5+ 31. Kd1 Qxb2 32. Rb1 Qc3 33. Nd3 dxc4 34. Rxh5 Qxd3 35.
Rh7+ Kg8 36. Qxg4+ Kxh7 37. Qh5+ Kg7 38. Qg5+ Kf7 39. Qh5+ Ke7 40. Qg5+ Kd7 0-1

[Event "European Rapid 2014"]
[Site "Wroclaw POL"]
[Date "2014.12.21"]
[Round "10.22"]
[White "Socko, Bartosz"]
[Black "Kantans, Toms"]
[Result "0-1"]
[WhiteTitle "GM"]
[BlackTitle "IM"]
[WhiteElo "2617"]
[BlackElo "2447"]
[WhiteFideId "1107038"]
[BlackFideId "11602945"]
[EventDate "2014.12.20"]

1. e4 c5 2. Nf3 Nf6 3. e5 Nd5 4. Nc3 e6 5. Nxd5 exd5 6. d4 Nc6 7. dxc5 Bxc5 8.
Qxd5 d6 9. exd6 Qb6 10. Bc4 Bxf2+ 11. Kf1 O-O 12. Qb5 Be6 13. Qxb6 Bxb6 14. Bxe6
fxe6 15. Ke2 Rad8 16. Rd1 e5 17. Be3 Bxe3 18. Kxe3 Rf6 19. a3 Rfxd6 20. Rxd6
Rxd6 21. Ke4 Kf7 22. c4 h6 23. c5 Rd8 24. b4 Ke6 25. Ra2 Ne7 26. Rc2 Nd5 27. b5
Nf6+ 28. Ke3 Rc8 29. c6 bxc6 30. bxc6 Nd5+ 31. Kd3 Ne7 32. c7 Kd5 33. Nd2 Nc6
34. Nb3 Rxc7 35. Rc5+ Kd6 36. Ke4 Rf7 37. Rd5+ Kc7 38. Nc5 Rf2 39. Ne6+ Kb6 40.
a4 a6 41. Rd3 Rxg2 42. Rb3+ Ka5 43. Nc5 Rc2 44. Kd5 Nb4+ 45. Kd6 Rxh2 46. Rb1
Rd2+ 47. Ke6 Rc2 48. Kd6 e4 49. Nxe4 Kxa4 50. Nc5+ Kb5 51. Ne6 Rd2+ 52. Ke5 a5
53. Nd4+ Kc4 54. Rc1+ Kd3 55. Ra1 Rg2 56. Nf3 Kc4 57. Kf4 g5+ 58. Kf5 Ra2 59.
Rc1+ Rc2 60. Ra1 Na2 61. Rh1 Rf2 62. Ke4 Nc3+ 63. Ke3 Re2# 0-1

[Event "European Rapid 2014"]
[Site "Wroclaw POL"]
[Date "2014.12.21"]
[Round "10.23"]
[White "Matnadze, Ana"]
[Black "Salgado Lopez, Ivan"]
[Result "1/2-1/2"]
[WhiteTitle "IM"]
[BlackTitle "GM"]
[WhiteElo "2411"]
[BlackElo "2622"]
[WhiteFideId "13601377"]
[BlackFideId "2257327"]
[EventDate "2014.12.20"]

1. d4 Nf6 2. Nf3 c5 3. e3 g6 4. b3 Bg7 5. Bb2 O-O 6. Be2 cxd4 7. exd4 d5 8. O-O
Bf5 9. c4 Nc6 10. Nc3 Rc8 11. Ne5 dxc4 12. Nxc6 Rxc6 13. bxc4 Qa5 14. c5 Rd8 15.
Bf3 Rxc5 16. dxc5 Rxd1 17. Raxd1 h5 18. Nd5 Nxd5 19. Bxg7 Kxg7 20. Bxd5 Qxc5 21.
Bxb7 Qa5 22. Bd5 Bc2 23. Rc1 Bd3 24. Rfd1 Qxd5 25. Rc3 Qxa2 26. Rcxd3 a5 27. g3
a4 28. h4 e5 29. R3d2 Qb3 30. Rd3 Qc2 31. R3d2 Qc3 32. Rd3 Qc2 33. R3d2 Qc5 34.
Ra2 e4 35. Rda1 e3 36. fxe3 Qxe3+ 37. Kg2 Qe4+ 38. Kh2 a3 1/2-1/2